Statistics for Oscar Supporting Actors Quiz

Click here to take the quiz!

General Stats

  • This quiz has been taken 23,335 times
    (2,483 since last reset)
  • The average score is 26 of 75

Answer Stats

Years Movies Actor % Correct
2020Once Upon a Time in HollywoodBrad Pitt
95%
2009The Dark KnightHeath Ledger
84%
1998Good Will HuntingRobin Williams
79%
1975The Godfather Part IIRobert De Niro
76%
1991GoodfellasJoe Pesci
68%
2010, 2013Inglourious Basterds, Django UnchainedChristoph Waltz
67%
2005Million Dollar BabyMorgan Freeman
65%
1996The Usual SuspectsKevin Spacey
65%
2014Dallas Buyers ClubJared Leto
64%
1994The FugitiveTommy Lee Jones
63%
2017, 2019Moonlight, Green BookMahershala Ali
62%
1997Jerry MaguireCuba Gooding, Jr.
62%
2011The FighterChristian Bale
61%
2006SyrianaGeorge Clooney
59%
2008No Country for Old MenJavier Bardem
58%
1990GloryDenzel Washington
55%
1987, 2000The Cider House Rules, Hannah and Her SistersMichael Caine
54%
1984Terms of EndearmentJack Nicholson
53%
2015WhiplashJ. K. Simmons
52%
1988The UntouchablesSean Connery
49%
2018Three Billboards Outside
Ebbing, Missouri
Sam Rockwell
49%
1979The Deer HunterChristopher Walken
47%
2004Mystic RiverTim Robbins
46%
1993UnforgivenGene Hackman
45%
1989A Fish Called WandaKevin Kline
43%
2007Little Miss SunshineAlan Arkin
40%
1964, 1980Hud, Being ThereMelvyn Douglas
38%
2001TrafficBenicio del Toro
38%
2003AdaptationChris Cooper
36%
1992City SlickersJack Palance
33%
2016Bridge of SpiesMark Rylance
32%
1954From Here to EternityFrank Sinatra
32%
1956Mister RobertsJack Lemmon
31%
2012BeginnersChristopher Plummer
30%
1995Ed WoodMartin Landau
28%
1981Ordinary PeopleTimothy Hutton
26%
1983An Officer and a GentlemanLouis Gossett, Jr.
25%
2002IrisJim Broadbent
25%
1977, 1978All the President's Men, JuliaJason Robards
25%
1973CabaretJoel Grey
25%
1967The Fortune CookieWalter Matthau
24%
1982ArthurJohn Gielgud
24%
1953, 1957Viva Zapata!, Lust for LifeAnthony Quinn
23%
1972The Last Picture ShowBen Johnson
23%
1986CocoonDon Ameche
23%
1968Cool Hand LukeGeorge Kennedy
22%
1961, 1965Spartacus, TopkapiPeter Ustinov
21%
1952A Streetcar Named DesireKarl Malden
20%
1949The Treasure of the Sierra MadreWalter Huston
20%
1999AfflictionJames Coburn
20%
1976The Sunshine BoysGeorge Burns
20%
1944The More the MerrierCharles Coburn
19%
1985The Killing FieldsHaing S. Ngor
19%
1937, 1939, 1941Come and Get It, Kentucky, The WesternerWalter Brennan
18%
1971Ryan's DaughterJohn Mills
18%
1958SayonaraRed Buttons
16%
1962West Side StoryGeorge Chakiris
15%
1945Going My WayBarry Fitzgerald
15%
1970They Shoot Horses, Don't They?Gig Young
15%
1974The Paper ChaseJohn Houseman
15%
1947The Best Years of Our LivesHarold Russell
14%
1951All About EveGeorge Sanders
14%
1959The Big CountryBurl Ives
14%
1948Miracle on 34th StreetEdmund Gwenn
13%
1960Ben-HurHugh Griffith
13%
1966A Thousand ClownsMartin Balsam
13%
1969The Subject Was RosesJack Albertson
12%
1942How Green Was My ValleyDonald Crisp
12%
1940StagecoachThomas Mitchell
12%
1963Sweet Bird of YouthEd Begley
11%
1950Twelve O'Clock HighDean Jagger
11%
1955The Barefoot ContessaEdmond O'Brien
11%
1943Johnny EagerVan Heflin
11%
1938The Life of Emile ZolaJoseph Schildkraut
11%
1946A Tree Grows in BrooklynJames Dunn
10%

Score Distribution

Percentile by Number Answered

Percent of People with Each Score

Your Score History

You have not taken this quiz since the last reset